San Francisco Int. Airport Destinations (San Francisco, CA, USA) - Statistics

General Stats
  • This quiz has been taken 405 times
    150 since last reset
  • The average score is 105 of 145
Answer Stats
Airline Destination % Correct
Air Canada/Air Canada Express/Flair Airlines/United Airlines/United Express/WestJet Vancouver
96%
Delta Air Lines/Frontier Airlines/United Airlines Atlanta
94%
American Airlines/Frontier Airlines/United Airlines Dallas/Fort Worth
94%
Southwest Airlines Dallas (Love)
94%
British Airways/United Airlines/Virgin Atlantic London (Heathrow)
94%
American Airlines/United Airlines Miami
94%
Air China/United Airlines Beijing (Capital)
93%
Southwest Airlines Chicago (Midway)
93%
American Airlines/United Airlines Chicago (O'Hare)
93%
Hawaiian Airlines/United Airlines Honolulu
93%
Aeroméxico/United Airlines Mexico City
93%
Alaska Airlines/Delta Air Lines/Delta Connection/United Airlines/United Express Seattle/Tacoma
93%
China Eastern Airlines/United Airlines Shanghai (Pudong)
93%
Qantas/United Airlines Sydney
93%
Air New Zealand/United Airlines Auckland
91%
Alaska Airlines/Delta Air Lines/Southwest Airlines/United Airlines Austin
91%
American Airlines Charlotte
91%
United Airlines Houston (Intercontinental)
91%
Alaska Airlines/American Airlines/American Eagle/Delta Air Lines/Frontier Airlines/Southwest Airlines/United Airlines Los Angeles
91%
Air Canada/Porter Airlines/United Airlines Montréal (Trudeau)
91%
Air France/United Airlines Paris (Charles de Gaulle)
91%
French Bee Paris (Orly)
91%
Singapore Airlines/United Airlines Singapore
91%
All Nippon Airways/Japan Airlines/United Airlines Tokyo (Haneda)
91%
All Nippon Airways/Japan Airlines/United Airlines/Zipair Tokyo Tokyo (Narita)
91%
United Airlines/WestJet Calgary
90%
TAP Air Portugal Lisbon
90%
Alaska Airlines/Frontier Airlines/United Airlines Orlando
90%
Air Premia/Asiana Airlines/Korean Air/United Airlines Seoul (Incheon)
90%
United Airlines Tampa
90%
Air Canada/Porter Airlines/United Airlines Toronto (Pearson)
90%
Alaska Airlines/United Airlines Anchorage
88%
Frontier Airlines/Southwest Airlines/United Airlines Denver
88%
Emirates Dubai (International)
88%
Condor/Lufthansa/United Airlines Frankfurt
88%
Iberia Madrid
88%
Philippine Airlines/United Airlines Manila
88%
Delta Air Lines/Sun Country Airlines/United Express Minneapolis/St. Paul
88%
Alaska Airlines/American Airlines/Delta Air Lines/JetBlue New York (JFK)
88%
American Airlines/United Airlines Philadelphia
88%
Alaska Airlines/Frontier Airlines/United Airlines/United Express Portland (OR)
88%
United Airlines Washington (Dulles)
88%
Alaska Airlines/United Airlines Washington (National)
88%
Alaska Airlines/Delta Air Lines/JetBlue/United Airlines Boston
87%
Air Canada Express/WestJet Edmonton
87%
China Southern Airlines Guangzhou
87%
Alaska Airlines/American Airlines/American Eagle/Frontier Airlines/Southwest Airlines/United Airlines/United Express Phoenix (Sky Harbor)
87%
ITA Airways/United Airlines Rome (Fiumicino)
87%
Alaska Airlines/Frontier Airlines/Southwest Airlines/United Airlines San Diego
87%
KLM/United Airlines Amsterdam
86%
Air India Delhi
86%
Aer Lingus Dublin
86%
Cathay Pacific/United Airlines Hong Kong
86%
Turkish Airlines Istanbul
86%
Alaska Airlines/Frontier Airlines/Southwest Airlines/United Airlines Las Vegas
86%
United Airlines Melbourne
86%
Delta Air Lines/Frontier Airlines/United Airlines Detroit
84%
Vietnam Airlines Ho Chi Minh City
84%
Air India Mumbai
84%
Alaska Airlines/United Airlines Newark
84%
Southwest Airlines/United Airlines Baltimore
83%
Level/United Airlines Barcelona
83%
Alaska Airlines/United Airlines/United Express Boise
83%
United Airlines Cleveland
83%
Scandinavian Airlines Copenhagen
83%
Qatar Airways Doha
83%
Lufthansa/United Airlines Munich
83%
Southwest Airlines/United Airlines Nashville
83%
United Airlines New Orleans
83%
Alaska Airlines/Delta Air Lines/Frontier Airlines/United Airlines/United Express Salt Lake City
83%
Avianca El Salvador San Salvador
83%
Swiss International Air Lines/United Airlines Zürich
83%
Breeze Airways Cincinnati
81%
Aeroméxico Guadalajara
81%
United Airlines San José (CR)
81%
Alaska Airlines/United Airlines Cancún
80%
United Airlines Indianapolis
80%
United Airlines San Antonio
80%
United Express Albuquerque
78%
United Express Kansas City
78%
United Express Sacramento
78%
China Airlines/EVA Air/Starlux Airlines/United Airlines Taipei (Taoyuan)
78%
JetBlue/United Airlines Fort Lauderdale
77%
United Airlines Osaka (Kansai)
77%
United Airlines Pittsburgh
77%
United Airlines Raleigh/Durham
77%
United Express Tucson
77%
United Airlines Columbus (Glenn)
75%
United Express Fresno
75%
Copa Airlines/United Airlines Panama City (Tocumen)
75%
United Airlines/United Express Reno/Tahoe
75%
Southwest Airlines/United Airlines St. Louis
75%
United Airlines Brisbane
74%
United Express Monterey
74%
Air India Bengaluru
72%
China Southern Airlines Wuhan
72%
United Express Monterrey
71%
United Airlines/United Express Omaha
71%
Alaska Airlines/United Express Spokane
68%
United Airlines/United Express Eugene
67%
Breeze Airways Louisville
67%
Frontier Airlines/United Airlines/United Express Ontario
64%
Hawaiian Airlines/United Airlines Kahului
62%
Alaska Airlines/United Airlines/United Express Bozeman
61%
Alaska Airlines/Frontier Airlines/United Airlines/United Express Palm Springs
61%
Alaska Airlines/United Airlines Puerto Vallarta
61%
United Express Bakersfield
59%
United Express Aspen
58%
Alaska Airlines/Southwest Airlines/United Airlines/United Express Burbank
58%
Breeze Airways Richmond
58%
Alaska Airlines/United Airlines San José del Cabo
57%
Alaska Airlines/United Airlines Lihue
55%
Alaska Airlines/Frontier Airlines/United Airlines/United Express Orange County
55%
Alaska Airlines/United Airlines/United Express Redmond/Bend
55%
Fiji Airways Nadi
54%
United Airlines Christchurch
51%
United Airlines/United Express Medford
51%
Alaska Airlines/United Express Missoula
51%
United Airlines Fort Myers
49%
French Bee/United Airlines Papeete
49%
United Airlines/United Express Santa Barbara
49%
United Express Eagle/Vail
45%
Alaska Airlines/United Airlines Jackson Hole
45%
Alaska Airlines/United Airlines Liberia (CR)
43%
Breeze Airways Provo
43%
United Express Redding
43%
United Express San Luis Obispo
43%
United Express Glacier Park/Kalispell
42%
Alaska Airlines/United Airlines Kailua-Kona
41%
United Airlines Adelaide
38%
United Airlines Belize City
38%
United Express Eureka
36%
United Express Hayden/Steamboat Springs
35%
Alaska Airlines Ixtapa/Zihuatanejo
33%
Alaska Airlines Mazatlán
33%
Alaska Airlines Everett
32%
Breeze Airways Grand Junction
32%
Breeze Airways San Bernardino
30%
United Express Montrose
28%
United Express Sun Valley
28%
TAP Air Portugal Terceira
28%
United Express Tri-Cities (WA)
26%
Alaska Airlines Loreto
20%
United Express North Bend/Coos Bay
19%
United Express Bishop
14%
No matching quizzes found
Score Distribution
Percent of People with Each Score
Percentile by Number Answered
Your Score History
You have not taken this quiz since the last reset